| 000 | 00616nam a2200169 i 4500 | ||
|---|---|---|---|
| 001 | 142199 | ||
| 003 | ES-MaACL | ||
| 005 | 20230906200452.0 | ||
| 007 | t| | ||
| 008 | 071003s1930 sp ||||1| spa d | ||
| 100 | 1 |
_aVillanueva, Francisco. _9115019 |
|
| 245 | 1 | 3 |
_aLa dictadura militar. _n, . T.II, _pLa dictadura militar _b: (crónica documentada de la oposición y de la represión bajo el directorio, 1923-1926) / _cFrancisco Villanueva. |
| 260 |
_aMadrid : _bJavier Morata, _c1930. |
||
| 300 |
_a232 p. ; _c20 cm. |
||
| 651 | 4 |
_aEspaña- _xHistoria- _y1923-1930, Dictadura. _98281 |
|
| 852 |
_aES-MaACL _jB-12333 |
||
| 999 |
_c142199 _d142199 |
||